[Event "Olympiad-43"]
[Site "Batumi"]
[Date "2018.09.30"]
[Round "6.48"]
[White "Bekker Jensen, Simon"]
[Black "Blackburn, Jonathan LB"]
[Result "1/2-1/2"]
[WhiteElo "2482"]
[BlackElo "2185"]
[PlyCount "85"]
[EventDate "2018.09.24"]
[EventType "team-swiss"]
[EventRounds "11"]
[EventCountry "GEO"]
[SourceTitle "CBM 187"]
[Source "ChessBase"]
[SourceDate "2018.12.11"]
[SourceVersion "1"]
[SourceVersionDate "2018.12.11"]
[SourceQuality "1"]
[WhiteTeam "Denmark"]
[BlackTeam "Wales"]
[WhiteTeamCountry "DEN"]
[BlackTeamCountry "WLS"]

1. d4 Nf6 2. c4 g6 3. Nc3 Bg7 4. e4 d6 5. h3 0-0 6. Bg5 Qe8 7. Nf3 e5 8. dxe5 dxe5 9. Nd5 Nxd5 10. cxd5 c6 11. Bc4 cxd5 12. Bxd5 Qb5 13. Qe2 Qb4+ 14. Qd2 Na6 15. 0-0 Qxd2 16. Nxd2 Nc7 17. Rac1 Nxd5 18. exd5 f6 19. Be3 Rd8 20. Rc7 Rxd5 21. Rfc1 Rd8 22. Ne4 Bf5 23. Ng3 b6 24. Nxf5 gxf5 25. g3 Bf8 26. Rb7 Rdc8 27. Rxc8 Rxc8 28. Rxa7 Bc5 29. Bxc5 bxc5 30. Rb7 c4 31. a4 c3 32. bxc3 Rxc3 33. a5 Ra3 34. Ra7 Ra1+ 35. Kg2 e4 36. a6 h5 37. h4 Kh8 38. Ra8+ Kg7 39. a7 Kh7 40. Rf8 Rxa7 41. Rxf6 Ra5 42. Kf1 Kg7 43. Rb6 1/2-1/2

[Event "Olympiad-43"]
[Site "Batumi"]
[Date "2018.09.28"]
[Round "5.24"]
[White "Erdos, Viktor"]
[Black "Bekker Jensen, Simon"]
[Result "1/2-1/2"]
[WhiteElo "2609"]
[BlackElo "2482"]
[PlyCount "95"]
[EventDate "2018.09.24"]
[EventType "team-swiss"]
[EventRounds "11"]
[EventCountry "GEO"]
[SourceTitle "CBM 187"]
[Source "ChessBase"]
[SourceDate "2018.12.11"]
[SourceVersion "1"]
[SourceVersionDate "2018.12.11"]
[SourceQuality "1"]
[WhiteTeam "Hungary"]
[BlackTeam "Denmark"]
[WhiteTeamCountry "HUN"]
[BlackTeamCountry "DEN"]

1. Nf3 Nf6 2. c4 g6 3. g3 Bg7 4. Bg2 0-0 5. 0-0 d6 6. d4 Nc6 7. Nc3 e5 8. dxe5 dxe5 9. Bg5 Be6 10. Qc1 Qc8 11. Rd1 Nd7 12. Bh6 Bxc4 13. Bxg7 Kxg7 14. Bh3 f5 15. e4 Be6 16. Ng5 Nb6 17. Nd5 Bg8 18. Qc5 Nd7 19. Qc3 h6 20. Nf3 Be6 21. Nf4 Qe8 22. Nh4 Rf6 23. Nxe6+ Qxe6 24. exf5 gxf5 25. Qd3 Nd4 26. Nxf5+ Nxf5 27. Qxd7+ Qf7 28. Qxf7+ Rxf7 29. Bxf5 Rxf5 30. Rd7+ Rf7 31. Rad1 Raf8 32. f3 Kg6 33. Rxf7 Rxf7 34. Kf2 Rf6 35. Rd5 Rb6 36. b3 Kf6 37. Ra5 a6 38. Rc5 c6 39. Ke3 Rb4 40. h4 Ke6 41. Rc1 Rd4 42. Rf1 c5 43. f4 exf4+ 44. Rxf4 Rd1 45. g4 Rh1 46. g5 hxg5 47. hxg5 Rg1 48. Rf6+ 1/2-1/2

[Event "DEN-chT 1617 55th"]
[Site "Denmark"]
[Date "2017.03.18"]
[Round "8.1"]
[White "Borge, Nikolaj"]
[Black "Bekker Jensen, Simon"]
[Result "1/2-1/2"]
[WhiteElo "2386"]
[BlackElo "2466"]
[PlyCount "71"]
[EventDate "2016.10.29"]
[EventType "team-tourn"]
[EventRounds "9"]
[EventCountry "DEN"]
[SourceTitle "EXT 2018"]
[Source "ChessBase"]
[SourceDate "2017.10.13"]
[SourceVersion "1"]
[SourceVersionDate "2017.10.13"]
[SourceQuality "1"]
[WhiteTeam "Hillerod"]
[BlackTeam "Philidor"]
[WhiteTeamCountry "DEN"]
[BlackTeamCountry "DEN"]

1. e4 c5 2. Nf3 d6 3. Bb5+ Nd7 4. 0-0 Ngf6 5. Re1 a6 6. Bd3 e6 7. c3 b5 8. a4 c4 9. Bc2 Bb7 10. axb5 axb5 11. Rxa8 Qxa8 12. d3 Be7 13. b4 cxb3 14. Bxb3 0-0 15. Nd4 Rb8 16. Nxb5 Bxe4 17. dxe4 Rxb5 18. Bc2 Ra5 19. Nd2 Rc5 20. Bb2 Qa2 21. Qa1 Ra5 22. Bb3 Qxa1 23. Rxa1 Rxa1+ 24. Bxa1 Nc5 25. Bc2 Kf8 26. Bb2 Nfd7 27. Nc4 g6 28. Bc1 f5 29. Bf4 d5 30. exd5 exd5 31. Ne3 Nf6 32. Be5 Ncd7 33. Bxf6 Nxf6 34. Bb3 Bc5 35. Nxd5 Ne4 36. Bc2 1/2-1/2

[Event "Runavik op"]
[Site "Runavik"]
[Date "2016.11.21"]
[Round "1"]
[White "Bekker Jensen, Simon"]
[Black "Mortensen, Rogvi"]
[Result "1-0"]
[WhiteElo "2473"]
[BlackElo "1871"]
[PlyCount "93"]
[EventDate "2016.11.21"]
[EventType "swiss"]
[EventRounds "9"]
[EventCountry "FAI"]
[SourceTitle "CBM 175 Extra"]
[Source "ChessBase"]
[SourceDate "2016.12.12"]
[SourceVersion "1"]
[SourceVersionDate "2016.12.12"]
[SourceQuality "1"]

1. c4 Nf6 2. Nc3 g6 3. e4 d6 4. d4 Bg7 5. Be2 0-0 6. Bg5 c5 7. d5 e6 8. Qd2 exd5 9. exd5 Re8 10. Nf3 Bg4 11. 0-0 Nbd7 12. h3 Bxf3 13. Bxf3 a6 14. a4 Qc7 15. Rfe1 Rab8 16. Rab1 b6 17. Rxe8+ Rxe8 18. Re1 Qb8 19. Kf1 Rxe1+ 20. Qxe1 Qe8 21. Bd2 Kf8 22. Bd1 Qe5 23. Qxe5 Nxe5 24. Be2 Ne8 25. a5 Nd7 26. axb6 Nxb6 27. b3 Ke7 28. g4 Nd7 29. Kg2 Bd4 30. f4 Ng7 31. Be1 f5 32. Bd3 Kf7 33. Ne2 Bb2 34. Ng3 Kf6 35. Ba5 Ba1 36. Bd8+ Kf7 37. gxf5 Bf6 38. fxg6+ hxg6 39. Ba5 Bd4 40. Ne4 Nf5 41. Ng5+ Ke7 42. Ne6 Bf6 43. Bd8+ Kf7 44. Bc7 Be7 45. Bxf5 gxf5 46. Nd8+ Ke8 47. Nb7 1-0

[Event "DEN-chT 1617 55th"]
[Site "Denmark"]
[Date "2016.10.30"]
[Round "2.3"]
[White "Bekker Jensen, Simon"]
[Black "Olsen, Filip Boe"]
[Result "1/2-1/2"]
[WhiteElo "2466"]
[BlackElo "2241"]
[PlyCount "115"]
[EventDate "2016.10.29"]
[EventType "team-tourn"]
[EventRounds "9"]
[EventCountry "DEN"]
[SourceTitle "EXT 2018"]
[Source "ChessBase"]
[SourceDate "2017.10.13"]
[SourceVersion "1"]
[SourceVersionDate "2017.10.13"]
[SourceQuality "1"]
[WhiteTeam "Philidor"]
[BlackTeam "Nordre"]
[WhiteTeamCountry "DEN"]
[BlackTeamCountry "DEN"]

1. c4 c6 2. Nf3 d5 3. e3 Nf6 4. Nc3 Bf5 5. cxd5 cxd5 6. Qb3 Bc8 7. Bb5+ Nc6 8. Ne5 Qd6 9. Qa4 Bd7 10. Nxd7 Nxd7 11. d4 e6 12. Bd2 Be7 13. 0-0 0-0 14. Rac1 Rfc8 15. Qc2 a6 16. Bd3 h6 17. Qb1 b5 18. Rfd1 Nb6 19. Bf1 Qd7 20. Be1 Rc7 21. g3 Rac8 22. Bg2 Bf6 23. Ne2 Be7 24. Nf4 a5 25. Bf1 Nc4 26. b3 Na3 27. Qb2 b4 28. Nd3 Na7 29. Rxc7 Rxc7 30. Rc1 N7b5 31. Rxc7 Qxc7 32. Qc1 Qc2 33. Qxc2 Nxc2 34. Bd2 Nc3 35. a4 bxa3 36. Bxc3 Bb4 37. Bxb4 Nxb4 38. Nc1 Kf8 39. Bb5 Ke7 40. Kf1 a2 41. Nxa2 Nxa2 42. Ke1 Nc3 43. Bd3 Kd6 44. f3 Na2 45. Kd2 g5 46. e4 f6 47. Ke3 Nb4 48. Be2 e5 49. dxe5+ Kxe5 50. f4+ Kd6 51. fxg5 fxg5 52. exd5 Kxd5 53. Kf3 h5 54. Bb5 Nc6 55. Bc4+ Kd4 56. Bb5 Ne5+ 57. Ke2 h4 58. gxh4 1/2-1/2

[Event "CRO-chT1A 25th"]
[Site "Sibenik"]
[Date "2016.10.16"]
[Round "9.1"]
[White "Bekker Jensen, Simon"]
[Black "Saric, Ivan"]
[Result "0-1"]
[WhiteElo "2466"]
[BlackElo "2666"]
[PlyCount "98"]
[EventDate "2016.10.08"]
[EventType "team-tourn"]
[EventRounds "9"]
[EventCountry "CRO"]
[SourceTitle "EXT 2017"]
[Source "ChessBase"]
[SourceDate "2016.10.25"]
[SourceVersion "1"]
[SourceVersionDate "2016.10.25"]
[SourceQuality "1"]
[WhiteTeam "Split Brda"]
[BlackTeam "Rijeka Liburnija"]
[WhiteTeamCountry "CRO"]
[BlackTeamCountry "CRO"]

1. d4 Nf6 2. c4 g6 3. Nc3 Bg7 4. e4 d6 5. h3 0-0 6. Be3 c5 7. Nf3 cxd4 8. Nxd4 Nc6 9. Be2 Bd7 10. 0-0 a6 11. Nf3 Qb8 12. Na4 Qd8 13. Nb6 Rb8 14. Qc2 Nb4 15. Qb1 Bc6 16. Nd5 Nbxd5 17. cxd5 Bd7 18. a4 Qe8 19. a5 e6 20. dxe6 Qxe6 21. Bd3 d5 22. e5 Ne4 23. Bxe4 dxe4 24. Qxe4 Bc6 25. Qf4 Bxf3 26. Qxf3 Bxe5 27. Ba7 Rbc8 28. Rfe1 Qf6 29. Qxb7 Bxb2 30. Rad1 Bc3 31. Re3 Bxa5 32. Ra3 Rc7 33. Qd5 Bb4 34. Rf3 Qc6 35. Qxc6 Rxc6 36. Rd7 Re6 37. Bd4 Rd6 38. Rxd6 Bxd6 39. Rf6 Rd8 40. Bc3 Bc7 41. Kf1 Rd6 42. Ke2 Rxf6 43. Bxf6 Bb6 44. f3 Kf8 45. Kd3 Ke8 46. Kc4 Kd7 47. Kd5 Ba5 48. g4 Bd2 49. h4 h5 0-1

[Event "Andorra op 34th"]
[Site "Escaldes"]
[Date "2016.08.06"]
[Round "4"]
[White "Granda Zuniga, Julio E"]
[Black "Bekker Jensen, Simon"]
[Result "1-0"]
[WhiteElo "2672"]
[BlackElo "2456"]
[PlyCount "63"]
[EventDate "2016.08.03"]
[EventType "swiss"]
[EventRounds "9"]
[EventCountry "AND"]
[SourceTitle "CBM 173 Extra"]
[Source "ChessBase"]
[SourceDate "2016.08.29"]
[SourceVersion "1"]
[SourceVersionDate "2016.08.29"]
[SourceQuality "1"]

1. b3 Nf6 2. Bb2 g6 3. g3 Bg7 4. Bg2 d6 5. e4 c5 6. Ne2 0-0 7. 0-0 Nc6 8. d4 cxd4 9. Nxd4 Nxd4 10. Bxd4 Bg4 11. Qd2 Qd7 12. Re1 Rac8 13. a4 a6 14. c4 b5 15. cxb5 axb5 16. a5 e5 17. Bb2 Be6 18. b4 d5 19. exd5 Nxd5 20. Na3 Rfd8 21. Bxe5 Bf8 22. Re4 Nxb4 23. Rd4 Qe8 24. Qe2 Bc4 25. Rxd8 Bxe2 26. Rxe8 Rxe8 27. Bd4 Rd8 28. Bb6 Rd2 29. Be3 Ra2 30. Rxa2 Nxa2 31. a6 Bxa3 32. a7 1-0

[Event "Porticcio op 3rd"]
[Site "Grosseto Prugna"]
[Date "2016.06.30"]
[Round "8"]
[White "Bekker Jensen, Simon"]
[Black "Edouard, Romain"]
[Result "0-1"]
[WhiteElo "2460"]
[BlackElo "2648"]
[PlyCount "70"]
[EventDate "2016.06.25"]
[EventType "swiss"]
[EventRounds "9"]
[EventCountry "FRA"]
[SourceTitle "EXT 2017"]
[Source "ChessBase"]
[SourceDate "2016.10.25"]
[SourceVersion "1"]
[SourceVersionDate "2016.10.25"]
[SourceQuality "1"]

1. d4 e6 2. c4 Bb4+ 3. Bd2 a5 4. e4 d5 5. a3 Bxd2+ 6. Nxd2 Ne7 7. Ngf3 Nbc6 8. Be2 0-0 9. 0-0 b6 10. cxd5 exd5 11. e5 Nf5 12. Nb1 f6 13. Bb5 Bb7 14. Nc3 fxe5 15. Bxc6 Bxc6 16. Nxe5 Bb7 17. Qd2 c5 18. Nf3 Nd6 19. Rad1 Rxf3 20. gxf3 Qf6 21. dxc5 Qg6+ 22. Kh1 d4 23. Ne4 Qf5 24. Qd3 Nxe4 25. Qb3+ Bd5 26. fxe4 Qxe4+ 27. f3 Bxb3 28. fxe4 Bxd1 29. Rxd1 bxc5 30. Rc1 Rc8 31. Rc4 d3 32. Rc1 Rb8 33. Rd1 c4 34. Rd2 Rxb2 35. Rxb2 c3 0-1

[Event "Bundesliga 1516"]
[Site "Germany"]
[Date "2016.04.24"]
[Round "15.2"]
[White "Bekker Jensen, Simon"]
[Black "Bartel, Mateusz"]
[Result "0-1"]
[WhiteElo "2438"]
[BlackElo "2623"]
[PlyCount "136"]
[EventDate "2015.09.18"]
[EventType "team-tourn"]
[EventRounds "15"]
[EventCountry "GER"]
[SourceTitle "CBM 172"]
[Source "ChessBase"]
[SourceDate "2016.05.12"]
[SourceVersion "1"]
[SourceVersionDate "2016.05.12"]
[SourceQuality "1"]
[WhiteTeam "Norderstedt"]
[BlackTeam "Dresden TU"]
[WhiteTeamCountry "GER"]
[BlackTeamCountry "GER"]

1. d4 Nf6 2. c4 b6 3. Nc3 Bb7 4. d5 e6 5. a3 Bd6 6. Nf3 0-0 7. g3 c6 8. dxc6 dxc6 9. Bg2 Qe7 10. 0-0 c5 11. Bg5 Nbd7 12. h3 h6 13. Be3 Ne5 14. Nd2 Bxg2 15. Kxg2 Nc6 16. Nf3 Be5 17. Nxe5 Nxe5 18. Qa4 Ne8 19. Bf4 Ng6 20. Qc6 Nxf4+ 21. gxf4 Nd6 22. b3 Rac8 23. Qf3 Nf5 24. Qe4 Rfd8 25. Rad1 Nd4 26. Qb1 Qc7 27. e3 Qb7+ 28. f3 Nf5 29. Kf2 Qe7 30. Ne4 Qh4+ 31. Ke2 Qxh3 32. Rf2 Rxd1 33. Qxd1 Qh4 34. Qd7 Rd8 35. Qc7 Qe7 36. Qxe7 Nxe7 37. b4 cxb4 38. axb4 Nc6 39. b5 Na5 40. Nd2 f5 41. Rf1 Kf7 42. Rb1 Ke7 43. Rg1 Kf7 44. Rb1 Ke7 45. Rg1 Kf6 46. Rb1 g5 47. Rh1 Kg6 48. Rg1 Rd7 49. e4 Nb7 50. fxg5 hxg5 51. f4 g4 52. Nf3 Rh7 53. Ng5 Rh2+ 54. Ke3 Nc5 55. Ra1 e5 56. Rxa7 exf4+ 57. Kxf4 Rf2+ 58. Kg3 Rf1 59. exf5+ Kxg5 60. Rg7+ Kf6 61. Rg6+ Kxf5 62. Rxb6 Ne4+ 63. Kg2 Rf2+ 64. Kg1 Rc2 65. Rc6 Ng5 66. Rc8 g3 67. Rg8 Nf3+ 68. Kf1 Rf2# 0-1

[Event "Bundesliga 1516"]
[Site "Germany"]
[Date "2016.04.23"]
[Round "14.2"]
[White "Kraemer, Martin"]
[Black "Bekker Jensen, Simon"]
[Result "1/2-1/2"]
[WhiteElo "2574"]
[BlackElo "2438"]
[PlyCount "200"]
[EventDate "2015.09.18"]
[EventType "team-tourn"]
[EventRounds "15"]
[EventCountry "GER"]
[SourceTitle "CBM 172"]
[Source "ChessBase"]
[SourceDate "2016.05.12"]
[SourceVersion "1"]
[SourceVersionDate "2016.05.12"]
[SourceQuality "1"]
[WhiteTeam "Berlin SF"]
[BlackTeam "Norderstedt"]
[WhiteTeamCountry "GER"]
[BlackTeamCountry "GER"]

1. e4 c5 2. Nf3 d6 3. d4 Nf6 4. Nc3 cxd4 5. Nxd4 a6 6. Be3 e5 7. Nb3 Be6 8. f3 Be7 9. Qd2 0-0 10. 0-0-0 a5 11. a4 Na6 12. g4 Nb4 13. Kb1 d5 14. g5 Nxe4 15. fxe4 d4 16. Nxd4 exd4 17. Bxd4 Bxg5 18. Qg2 Bf6 19. e5 Be7 20. Rg1 g6 21. Qxb7 Rb8 22. Qf3 Qc8 23. Bb5 Bf5 24. Rg2 Qe6 25. Rf1 Kh8 26. Qe3 Rfd8 27. Rxf5 Qxf5 28. e6+ f6 29. Rf2 Nd5 30. Bxf6+ Bxf6 31. Rxf5 Nxe3 32. Rxf6 Nf5 33. Rf7 Nd6 34. Rc7 Rdc8 35. Rxc8+ Rxc8 36. Bd7 Rc5 37. Nb5 Nf5 38. b4 Rc4 39. c3 axb4 40. Kb2 bxc3+ 41. Nxc3 Kg7 42. Kb3 Rc7 43. Nb5 Rc1 44. a5 Rb1+ 45. Ka2 Rb4 46. Ka3 Rb1 47. Nc3 Rb8 48. Nb5 Kf6 49. a6 Ra8 50. a7 Ng7 51. Kb4 Nxe6 52. Bc6 Rxa7 53. Nxa7 Ke5 54. Kc3 Kf4 55. Kd2 Nd4 56. Ke1 g5 57. Kf1 h5 58. Bb7 g4 59. Nc8 Nf5 60. Nb6 Ne3+ 61. Kg1 h4 62. Nd7 Nf5 63. Nf6 Nd4 64. Bc8 Nf3+ 65. Kh1 Ne5 66. Kg2 Kg5 67. Nd5 Nd3 68. Kf1 Ne5 69. Ba6 Kf5 70. Kg2 Ke4 71. Bb7 Kf5 72. Bc8+ Kg5 73. Kh1 Nf3 74. Ne3 Ne5 75. Kg1 Kf4 76. Nd5+ Ke4 77. Ne7 Kf4 78. Bb7 Kg5 79. Be4 Kf4 80. Bd5 Kg5 81. Bb7 Kf6 82. Nd5+ Kg5 83. Nc3 Kf4 84. Kg2 Nc4 85. Ne2+ Kg5 86. Be4 Nd6 87. Bd3 Nf7 88. Kf1 Kf6 89. Nf4 Kg5 90. Nd5 Ne5 91. Be4 Nd7 92. Bd3 Nf6 93. Ne3 Kf4 94. Ke2 Kg5 95. Kd2 Kf4 96. Ke2 Kg5 97. Bc2 Nh5 98. Bf5 Nf6 99. Be6 Kf4 100. Ng2+ Kg5 1/2-1/2

[Event "DEN-ch"]
[Site "Svendborg"]
[Date "2016.03.26"]
[Round "8"]
[White "Bekker Jensen, Simon"]
[Black "Schandorff, Lars"]
[Result "1/2-1/2"]
[WhiteElo "2451"]
[BlackElo "2501"]
[PlyCount "29"]
[EventDate "2016.03.19"]
[EventType "tourn"]
[EventRounds "9"]
[EventCountry "DEN"]
[EventCategory "10"]
[SourceTitle "CBM 171 Extra"]
[Source "ChessBase"]
[SourceDate "2016.04.26"]
[SourceVersion "1"]
[SourceVersionDate "2016.04.26"]
[SourceQuality "1"]

1. c4 c6 2. Nf3 d5 3. g3 Nf6 4. Bg2 dxc4 5. 0-0 Nbd7 6. Na3 Nb6 7. Ne5 g6 8. Naxc4 Nxc4 9. Nxc4 Bg7 10. Rb1 Be6 11. Qc2 Nd5 12. b4 0-0 13. a3 Nc3 14. dxc3 Bxc4 15. Be3 1/2-1/2

[Event "DEN-chT 1516 54th"]
[Site "Denmark"]
[Date "2016.03.06"]
[Round "9.1"]
[White "Bekker Jensen, Simon"]
[Black "Christensen, Christian Winther"]
[Result "1-0"]
[WhiteElo "2438"]
[BlackElo "2092"]
[PlyCount "109"]
[EventDate "2015.10.31"]
[EventType "team-tourn"]
[EventRounds "9"]
[EventCountry "DEN"]
[SourceTitle "EXT 2017"]
[Source "ChessBase"]
[SourceDate "2016.10.25"]
[SourceVersion "1"]
[SourceVersionDate "2016.10.25"]
[SourceQuality "1"]
[WhiteTeam "Philidor"]
[BlackTeam "Obro"]
[WhiteTeamCountry "DEN"]
[BlackTeamCountry "DEN"]

1. d4 d5 2. c4 e6 3. Nc3 Nf6 4. cxd5 exd5 5. Bg5 c6 6. Qc2 Be7 7. e3 Nbd7 8. Bd3 Nh5 9. Bxe7 Qxe7 10. 0-0-0 Nb6 11. h3 g6 12. Nf3 Ng7 13. g4 Bd7 14. Rhe1 0-0-0 15. e4 dxe4 16. Bxe4 Qd6 17. Ne5 Kb8 18. f4 Nd5 19. Bxd5 cxd5 20. Qb3 Be6 21. Kb1 f6 22. Nd3 Rhe8 23. Nc5 Qb6 24. Qc2 Bc8 25. Rxe8 Nxe8 26. Re1 Qd6 27. a3 Nc7 28. Ka2 Re8 29. Nb5 Qd8 30. Rxe8 Nxe8 31. Qb3 Nc7 32. Nxc7 Kxc7 33. Qc3 Kb8 34. Qg3 Qd6 35. Qe3 h5 36. f5 gxf5 37. gxh5 f4 38. Qf3 Bf5 39. h6 b6 40. Qh5 Bc2 41. Qe8+ Kc7 42. Qf7+ Kc8 43. Qg8+ Qd8 44. Qg4+ Kb8 45. Qxf4+ Ka8 46. Ne6 Qc8 47. Qc7 Qxe6 48. Qxc2 Kb7 49. Qh7+ Kc6 50. Qxa7 Qe2 51. Qa8+ Kd6 52. Qd8+ Kc6 53. Qc8+ Kb5 54. h7 Qc4+ 55. Qxc4+ 1-0

[Event "Bundesliga 1516"]
[Site "Germany"]
[Date "2016.02.07"]
[Round "6.2"]
[White "Bekker Jensen, Simon"]
[Black "Lupulescu, Constantin"]
[Result "0-1"]
[WhiteElo "2438"]
[BlackElo "2626"]
[PlyCount "80"]
[EventDate "2015.09.18"]
[EventType "team-tourn"]
[EventRounds "15"]
[EventCountry "GER"]
[SourceTitle "CBM 171"]
[Source "ChessBase"]
[SourceDate "2016.03.14"]
[SourceVersion "2"]
[SourceVersionDate "2016.03.14"]
[SourceQuality "1"]
[WhiteTeam "Norderstedt"]
[BlackTeam "Trier"]
[WhiteTeamCountry "GER"]
[BlackTeamCountry "GER"]

1. d4 Nf6 2. c4 e6 3. Nc3 Bb4 4. Nf3 0-0 5. Bg5 c5 6. e3 cxd4 7. exd4 h6 8. Bh4 Qa5 9. Qc2 Ne4 10. Rc1 d5 11. Bd3 Qxa2 12. Bxe4 dxe4 13. Nd2 Qa5 14. Qxe4 f5 15. Qd3 e5 16. 0-0 g5 17. Bg3 e4 18. Qe2 f4 19. Ndxe4 Bxc3 20. bxc3 Qc7 21. h4 fxg3 22. fxg3 Bf5 23. hxg5 Nd7 24. gxh6 Kh8 25. Ng5 Qd6 26. g4 Bg6 27. Ne6 Rfe8 28. d5 Rac8 29. Rce1 b6 30. Kh1 a5 31. Qe3 Rxc4 32. Qg5 Rg8 33. Ng7 Qg3 34. Re3 Qxg4 35. Qxg4 Rxg4 36. Re7 Nc5 37. Rf6 a4 38. Ra7 Rh4+ 39. Kg1 Rxh6 40. Nf5 Rh7 0-1

[Event "BL2-Nord 1415"]
[Site "Germany"]
[Date "2015.04.12"]
[Round "9.1"]
[White "Bekker Jensen, Simon"]
[Black "Kalinitschew, Sergey"]
[Result "1/2-1/2"]
[WhiteElo "2452"]
[BlackElo "2409"]
[PlyCount "63"]
[EventDate "2014.09.21"]
[EventType "team-tourn"]
[EventRounds "9"]
[EventCountry "GER"]
[SourceTitle "CBM 166 Extra"]
[Source "ChessBase"]
[SourceDate "2015.06.18"]
[SourceVersion "1"]
[SourceVersionDate "2015.06.18"]
[SourceQuality "1"]
[WhiteTeam "Norderstedt"]
[BlackTeam "Berlin Kreuzberg"]
[WhiteTeamCountry "GER"]
[BlackTeamCountry "GER"]

1. e4 g6 2. d4 Bg7 3. Nf3 d6 4. Be2 Nf6 5. Nc3 0-0 6. 0-0 c6 7. a4 Qc7 8. h3 Nbd7 9. Be3 e5 10. dxe5 Nxe5 11. Nd4 Re8 12. Re1 Ned7 13. Bc4 a6 14. Bg5 b6 15. Qd2 Bb7 16. Rad1 b5 17. axb5 axb5 18. Bxb5 cxb5 19. Ndxb5 Qc6 20. Nxd6 Re6 21. f4 Nb6 22. e5 Rxd6 23. exd6 Nc4 24. Qf2 Nxd6 25. Bxf6 Bxf6 26. Nd5 Nf5 27. g4 Bh4 28. Qxh4 Nxh4 29. Ne7+ Kg7 30. Nxc6 Nf3+ 31. Kf2 Nxe1 32. Nd8 1/2-1/2

[Event "DEN-ch"]
[Site "Svendborg"]
[Date "2015.04.04"]
[Round "8"]
[White "Rasmussen, Allan Stig"]
[Black "Bekker Jensen, Simon"]
[Result "1-0"]
[WhiteElo "2532"]
[BlackElo "2462"]
[PlyCount "85"]
[EventDate "2015.03.28"]
[EventType "tourn"]
[EventRounds "9"]
[EventCountry "DEN"]
[EventCategory "9"]
[SourceTitle "CBM 165 Extra"]
[Source "ChessBase"]
[SourceDate "2015.04.21"]
[SourceVersion "1"]
[SourceVersionDate "2015.04.21"]
[SourceQuality "1"]

1. d4 Nf6 2. c4 g6 3. Nc3 Bg7 4. e4 d6 5. Nf3 0-0 6. Be2 e5 7. 0-0 Nbd7 8. Re1 Re8 9. Bf1 a6 10. Rb1 exd4 11. Nxd4 c6 12. Bf4 Qc7 13. Qd2 Ne5 14. h3 b5 15. cxb5 axb5 16. Rbc1 Qb6 17. b4 Bb7 18. Nb3 Nc4 19. Bxc4 bxc4 20. Na5 d5 21. Bd6 Nxe4 22. Nxe4 dxe4 23. Rxc4 Rad8 24. Rcxe4 Rxe4 25. Rxe4 Ba6 26. Qe1 h5 27. Re8+ Kh7 28. Bc5 Qc7 29. a4 Rd3 30. Re7 Qf4 31. Re3 Bc3 32. Qb1 Qf5 33. Rxd3 Bxd3 34. Qc1 Qf6 35. Nxc6 Bb2 36. Qd2 Qxc6 37. Qxd3 Qxa4 38. Qd5 Qa1+ 39. Kh2 Be5+ 40. g3 Kg7 41. Kg2 h4 42. g4 Qb2 43. b5 1-0